000 00705cam a2200253 a 4500
001 000007873
005 20200929154329.0
008 780928s1995 sp 000 f spa d
020 _a8420646059
035 _a(DLC) 78371043
040 _aDO-SdBNP
_bpa
_cDLC
_dBNPHU
082 _a863.64
_bM379b
100 1 _aMartín Gaite, Carmen,
_d1925-2000.
_910633
245 1 3 _aEl balneario /
_cCarmen Martín Gaite.
260 _aMadrid :
_bAlianza,
_c1995.
300 _a89 p. ;
_c15 cm.
490 1 _aAlianza cien
_v5
650 4 _aNovela española
_91123
650 4 _aLiteratura española
_9632
830 0 _aAlianza cien ;
_v5
_912832
910 _aCatalogación derivada
910 _aWM
049 _aBNGR
999 _c7651
_d7651